000 00727nam a22002650a 4500
001 PT49747
003 AR-LpoUNG
005 20210131231317.0
008 191001s2011||||sp |||||||||||||||||spa d
020 _a9788467549423
_c$26
040 _aAR-LpoUNG
_bspa
_cAR-LpoUNG
_eaacr
041 _aspa
044 _asp
082 0 _aR463 741dic
100 1 _aBosque, Ignacio
_edir.
245 1 0 _aDiccionario combinatorio práctico del español contemporáneo
260 _aMadrid :
_bSM,
_c2011.
300 _aix, 1305 p. :
_bgráfs., tbls.
650 4 _aDICCIONARIOS
650 4 _aLENGUA ESPAÑOLA
650 4 _aMATERIAL DE REFERENCIA
651 4 _aDOCUMENTOS TEORICOS O METODOLOGICOS
905 _a49747
942 _cLSALA
999 _c9281
_d9281